00363nam a2200145 a 4500008004100000020001500041050001600056100001900072245002500091246003800116260002600154350000900180650001300189650001500202120416s2000 ||||||||||||||||| || u a0140291385 aHD 57.7 Nef aNeff, Thomas J10aLessons from the top ain search of the business leaders aLondonbPenguinc2000 a0.00 0aBUSINESS 0aLEADERSHIP